书目信息 |
| 题名: |
太阳和鱼
|
|
| 作者: | 伍尔芙 著 ;孔晓炯 , 黄梅 译 | |
| 分册: | ||
| 出版信息: | 北京 人民文学出版社 2019.07 |
|
| 页数: | 240页 | |
| 开本: | 21cm | |
| 丛书名: | 名家散文经典译丛 | |
| 单 册: | ||
| 中图分类: | I561.65 | |
| 科图分类: | ||
| 主题词: | 散文集--san wen ji--英国--现代 | |
| 电子资源: | ||
| ISBN: | 978-7-02-014054-1 | |
| 000 | 01222nam 2200277 450 | |
| 001 | 2061768848 | |
| 005 | 20201106170941.17 | |
| 010 | @a978-7-02-014054-1@dCNY39.00 | |
| 100 | @a20190812d2019 em y0chiy50 ea | |
| 101 | 1 | @achi@ceng |
| 102 | @aCN@b110000 | |
| 105 | @ay z 000cy | |
| 200 | 1 | @a太阳和鱼@Atai yang he yu@f(英) 弗吉尼亚·伍尔芙著@g孔晓炯, 黄梅译 |
| 210 | @a北京@c人民文学出版社@d2019.07 | |
| 215 | @a240页@d21cm | |
| 225 | 2 | @a名家散文经典译丛@Aming jia san wen jing dian yi cong |
| 314 | @a弗吉尼亚·伍尔芙, 二十世纪英国最杰出的女作家、文学批评家和文学理论家。 | |
| 330 | @a本书共收录弗吉尼亚·伍尔芙不同创作阶段、不同体裁的文章共三十一篇, 这些文章可大致分为三类: 第一类是以《爱犬之死》《太阳和鱼》为代表的抒情散文, 第二类是以《女人的职业》《妇女和小说》等文为代表的讨论现代女性角色的文章, 第三类文章则是以《论现代小说》《论现代散文》《笑声的价值》等为代表的文学艺术评论。 | |
| 410 | 0 | @12001 @a名家散文经典译丛 |
| 606 | 0 | @a散文集@Asan wen ji@y英国@z现代 |
| 690 | @aI561.65@v5 | |
| 701 | 1 | @a伍尔芙@Awu er fu@g(Woolf, Virginia),@f1882-1941@4著 |
| 702 | 0 | @a孔晓炯@Akong xiao jiong@4译 |
| 702 | 0 | @a黄梅@Ahuang mei@4译 |
| 801 | 0 | @aCN@b人天书店@c20201024 |
| 905 | @aZUCC@dI561.65@eW935 | |
| 太阳和鱼/(英) 弗吉尼亚·伍尔芙著/孔晓炯, 黄梅译.-北京:人民文学出版社,2019.07 |
| 240页;21cm.-(名家散文经典译丛) |
| ISBN 978-7-02-014054-1:CNY39.00 |
| 本书共收录弗吉尼亚·伍尔芙不同创作阶段、不同体裁的文章共三十一篇, 这些文章可大致分为三类: 第一类是以《爱犬之死》《太阳和鱼》为代表的抒情散文, 第二类是以《女人的职业》《妇女和小说》等文为代表的讨论现代女性角色的文章, 第三类文章则是以《论现代小说》《论现代散文》《笑声的价值》等为代表的文学艺术评论。 |
| ● |
| 相关链接 |
|
|
|
正题名:太阳和鱼
索取号:I561.65/W935
 
预约/预借
| 序号 | 登录号 | 条形码 | 馆藏地/架位号 | 状态 | 备注 |
| 1 | 1483323 | 214833233 | 文学库116/116文学库 22排3列3层/ [索取号:I561.65/W935] | 在馆 | |
| 2 | 1483324 | 214833242 | 文学库116/116文学库 22排3列3层/ [索取号:I561.65/W935] | 在馆 |